000
00304nam a2200133Ia 4500
008
231129s1968||||xx |||||||||||||| ||spa||
040
_b
spa
082
_a
M864 G216d
100
_a
Garcia Ponce Juán
245
0
_a
Desconsideraciones
260
_c
1968
264
_a
Joaquín Mortiz
942
_2
ddc
_c
BKS
999
_c
9075
_d
9075